000 00245nam a2200097Ia 4500
008 231212s1990 xx 000 0 und d
041 _aeng
100 _aLeventhal L.
245 _aIntroducation To Microprocessor
260 _aBombay
_bOsborne
_c1990
999 _c961336
_d961336